[Event "World Junior U20 Open 2018"]
[Site "Gebze"]
[Date "2018.09.07"]
[Round "4.55"]
[White "Karaoglan, Doruk"]
[Black "Morozov, Nichita"]
[Result "0-1"]
[WhiteElo "2196"]
[BlackElo "2452"]
[Annotator "TA"]
[PlyCount "64"]
[EventDate "2018.09.05"]
[EventType "swiss"]
[EventCountry "TUR"]
[SourceTitle "playchess.com"]
[Source "ChessBase"]
[SourceQuality "1"]

{[%evp 11,64,-1,3,0,-3,-29,-6,-50,-24,-13,-5,-95,-87,-145,-139,-133,-129,-196,-185,-195,-176,-194,-195,-209,-212,-208,-195,-206,-200,-215,-205,-398,-378,-398,-164,-393,-397,-395,-352,-386,-383,-383,-383,-379,-328,-343,-322,-630,-444,-647,-643,-625,-621,-684,-670]} 1. e4 d6 2. Nc3 g6 3. g3 Bg7 4. Bg2 e5 5. d3 Ne7 6. f4 Nbc6 {LiveBook: 17 Games. C25: Vienna Game: Alternatives to 2...Nf6} 7. Nge2 (7. Nf3 Nd4 8. O-O Bg4 9. Be3 c5 10. Qd2 O-O 11. Nh4 exf4 12. Bxf4 Qd7 13. Rf2 Rae8 14. Bh6 Bxh6 15. Qxh6 b5 16. h3 Be6 17. Raf1 Qd8 18. Nb1 d5 19. Nd2 dxe4 20. Nxe4 Nef5 21. Rxf5 Nxf5 22. Rxf5 {1-0 (46) Adhiban,B (2653)-Andreikin,D (2736) Wijk aan Zee 2017 CBM 177 [Lenderman,A]}) 7... Be6 8. O-O Qd7 {Black has an edge.} 9. Be3 Nd4 10. Qd2 h5 11. Nc1 $146 (11. fxe5 $11 {remains equal.} dxe5 12. Bg5) ({Predecessor:} 11. Bf2 Nec6 12. Nxd4 Nxd4 {½-½ (22) Sandhoefner,F (2189)-Wolfram,B (2025) Aschach 2000}) 11... h4 $17 12. Qf2 (12. fxe5 $142 dxe5 13. Nb3) 12... hxg3 13. hxg3 O-O-O 14. Nd1 (14. Bxd4 $17 {was worth a try.} exd4 15. N3e2) 14... Bh3 15. c3 Ndc6 16. Ne2 f5 17. Bxh3 Rxh3 18. Qg2 Rdh8 19. Nf2 R3h7 20. Rad1 exf4 21. gxf4 $2 {[#]} (21. Bxf4 Qe6 22. b3) 21... g5 $1 $19 {[%mdl 512]} 22. fxg5 Ng6 (22... Be5 $142 23. Bf4 Ng6 24. Bxe5 Ncxe5) 23. Nf4 $2 (23. d4) 23... Nh4 24. Qg3 Ne5 {[%cal Bc6e5,Be5g6,Bg6f4,Bf4h3][%mdl 32]} 25. N2h3 fxe4 26. dxe4 Nhg6 27. Nf2 Nxf4 28. Bxf4 Rh4 29. Be3 $2 (29. Rd5 Qf7 30. Bxe5 Bxe5 31. Rxe5 dxe5 32. Rd1) 29... Ng6 {Black is clearly winning.} 30. Bd4 (30. Rd5 $142 Rh3 31. Nxh3 Rxh3 32. Qg2) 30... Nf4 31. Rde1 Nh3+ 32. Nxh3 {[#] Strongly threatening Nf2.} Rg4 {Precision: White = 27%, Black = 58%.} 0-1

[Event "World Junior U20 Open 2018"]
[Site "Gebze"]
[Date "2018.09.07"]
[Round "4.56"]
[White "Krishna Teja, N."]
[Black "Cirovic, Miroljub"]
[Result "1-0"]
[WhiteElo "2356"]
[BlackElo "2181"]
[Annotator "NA"]
[PlyCount "67"]
[EventDate "2018.09.05"]
[EventType "swiss"]
[EventCountry "TUR"]
[SourceTitle "playchess.com"]
[Source "ChessBase"]
[SourceQuality "1"]
[TimeControl "40/5400+30:1800+30"]

1. d4 Nf6 2. c4 e6 3. Nc3 Bb4 4. Qc2 O-O 5. a3 Bxc3+ 6. Qxc3 b6 7. Nf3 Bb7 8. g3 d6 9. Bg2 Nbd7 10. O-O Be4 11. b4 Qc8 12. Bb2 Qb7 13. Bh3 c6 14. Nd2 Bg6 15. Bg2 d5 16. f3 c5 17. f4 Bf5 18. e4 dxe4 19. dxc5 bxc5 20. g4 Bxg4 21. Nxe4 Qb6 22. Nxf6+ gxf6 23. Qg3 {[%emt 0:22:30]} Kh8 {[%emt 0:43:30]} 24. Qxg4 {[%emt 0:00:30]} cxb4+ {[%emt 0:00:30]} 25. Kh1 {[%emt 0:00:30]} bxa3 {[%emt 0:00:30]} 26. Bxa3 {[%emt 0:00:30]} Rg8 {[%emt 0:00:30]} 27. Qd1 {[%emt 0:00:30]} Rad8 {[%emt 0:00:30]} 28. Be7 {[%emt 0:00:30]} Qb2 {[%emt 0:04:30]} 29. Bf3 {[%emt 0:01:30]} Rb8 {[%emt 0:03:30]} 30. Qxd7 {[%emt 0:00:30]} Rg6 {[%emt 0:00:30]} 31. Rad1 {[%emt 0:04:30]} Rbg8 {[%emt 0:00:30]} 32. Qd2 {[%emt 0:00:00]} Qb3 {[%emt 0:01:30]} 33. Be4 {[%emt 0:00:00]} Rh6 {[%emt 0:00:30]} 34. Rg1 1-0

[Event "World Junior U20 Open 2018"]
[Site "Gebze"]
[Date "2018.09.07"]
[Round "4.57"]
[White "Ismayilov, Muhammad"]
[Black "Sawlin, Leonid"]
[Result "0-1"]
[WhiteElo "2137"]
[BlackElo "2355"]
[Annotator "NA"]
[PlyCount "68"]
[EventDate "2018.09.05"]
[EventType "swiss"]
[EventCountry "TUR"]
[SourceTitle "playchess.com"]
[Source "ChessBase"]
[SourceQuality "1"]
[TimeControl "40/5400+30:1800+30"]

1. e4 g6 2. d4 Bg7 3. Nc3 d6 4. f4 a6 5. Nf3 b5 6. Bd3 Nd7 7. O-O c5 8. dxc5 Nxc5 9. Be3 Bb7 10. Bxc5 dxc5 11. e5 f5 12. exf6 Nxf6 {[%emt 0:20:00]} 13. Qe2 {[%emt 0:53:30]} c4 {[%emt 0:05:30]} 14. Be4 {[%emt 0:00:30]} Nxe4 {[%emt 0:01:30]} 15. Nxe4 {[%emt 0:00:00]} O-O {[%emt 0:00:30]} 16. Neg5 {[%emt 0:08:00]} Bd5 {[%emt 0:06:30]} 17. Ne5 {[%emt 0:05:30]} Rf5 {[%emt 0:01:30]} 18. Qe3 {[%emt 0:03:30]} Qc7 {[%emt 0:02:30]} 19. Rad1 {[%emt 0:04:30]} Qb7 {[%emt 0:04:30]} 20. g4 {[%emt 0:05:03]} Rf6 {[%emt 0:03:30]} 21. Rd4 {[%emt 0:01:29]} Raf8 {[%emt 0:02:30]} 22. Rfd1 {[%emt 0:03:38]} e6 {[%emt 0:00:30]} 23. Nh3 {[%emt 0:03:07]} Qc7 {[%emt 0:02:30]} 24. f5 {[%emt 0:06:11]} gxf5 {[%emt 0:01:30]} 25. Nf4 {[%emt 0:01:52]} fxg4 {[%emt 0:00:30]} 26. Nh5 {[%emt 0:03:09]} Rf5 {[%emt 0:01:30]} 27. Nxg7 {[%emt 0:00:40]} Rxe5 {[%emt 0:01:30]} 28. Rxg4 {[%emt 0:00:28]} Kh8 {[%emt 0:02:30]} 29. Qg3 {[%emt 0:02:01]} Qa7+ {[%emt 0:00:30]} 30. Rdd4 {[%emt 0:00:32]} Re2 {[%emt 0:00:30]} 31. Qc3 {[%emt 0:01:17]} e5 {[%emt 0:00:30]} 32. Nf5 {[%emt 0:00:22]} Rxf5 {[%emt 0:00:30]} 33. Qg3 {[%emt 0:00:17]} Rg2+ {[%emt 0:01:30]} 34. Qxg2 {[%emt 0:00:06]} Bxg2 {[%emt 0:00:00]} 0-1

[Event "World Junior U20 Open 2018"]
[Site "Gebze"]
[Date "2018.09.07"]
[Round "4.58"]
[White "Ongut, Tamas Gunes"]
[Black "Wadsworth, Matthew J"]
[Result "0-1"]
[WhiteElo "2121"]
[BlackElo "2351"]
[Annotator "NA"]
[PlyCount "119"]
[EventDate "2018.09.05"]
[EventType "swiss"]
[EventCountry "TUR"]
[SourceTitle "playchess.com"]
[Source "ChessBase"]
[SourceQuality "1"]
[TimeControl "40/5400+30:1800+30"]

1. e4 {[%emt 0:00:30]} e6 {[%emt 0:03:30]} 2. d4 {[%emt 0:00:00]} d5 {[%emt 0:00:30]} 3. Nc3 {[%emt 0:01:00]} dxe4 {[%emt 0:01:30]} 4. Nxe4 {[%emt 0:00:30]} Bd7 {[%emt 0:00:30]} 5. Nf3 {[%emt 0:00:00]} Bc6 {[%emt 0:00:00]} 6. Bd3 {[%emt 0:03:00]} Nd7 {[%emt 0:00:30]} 7. O-O {[%emt 0:02:30]} Ngf6 {[%emt 0:00:00]} 8. Nxf6+ {[%emt 0:01:30]} Qxf6 {[%emt 0:00:30]} 9. c3 {[%emt 0:01:30] C10: French with 3 Nc3: Unusual Black 3rd moves and 3...dxe4} Bxf3 {[%emt 0:03:30]} 10. Qxf3 {[%emt 0:01:30]} Qxf3 {[%emt 0:00:30]} 11. gxf3 {[%emt 0:00:30]} O-O-O {[%emt 0:04:30]} (11... Bd6 12. c4 c5 13. Be4 O-O-O 14. Be3 f5 15. dxc5 Bxc5 16. Bc2 Bxe3 17. fxe3 {0-1 (39) Potapov,P (2476)-Jobava,B (2673) Minsk 2015}) 12. Bf4 {[%emt 0:02:00]} Be7 {[%emt 0:02:30]} 13. Rad1 $146 {[%emt 0:03:30]} ({Predecessor:} 13. Rae1 Bf6 14. Bc2 g5 15. Bg3 Rdg8 16. Kh1 h5 17. Rg1 h4 18. Be5 Bxe5 19. dxe5 Nf8 {½-½ (19) Schlegel,H (1764)-Friedel,R (1612) Leipzig 2016}) 13... Bf6 {[%emt 0:03:30]} 14. Rfe1 {[%emt 0:00:30]} g6 {[%emt 0:03:30]} 15. Bc4 {[%emt 0:02:30]} Nb6 {[%emt 0:04:30]} 16. Bb3 {[%emt 0:00:30]} Rd7 {[%emt 0:02:30]} 17. a4 {[%emt 0:03:30]} Rhd8 {[%emt 0:02:30]} 18. Bc1 {[%emt 0:00:30]} Nd5 {[%emt 0:03:30]} 19. Bc2 {[%emt 0:31:30]} c6 {[%emt 0:35:30]} 20. Kg2 {[%emt 0:00:30]} a5 {[%emt 0:10:30]} 21. Bd3 {[%emt 0:10:30]} b6 {[%emt 0:01:30]} 22. Be3 {[%emt 0:04:30]} Kb7 {[%emt 0:01:30]} 23. Be2 {[%emt 0:02:30]} h5 {[%emt 0:02:30]} 24. Rb1 {[%emt 0:00:30]} Be7 {[%emt 0:03:30]} 25. Bc4 {[%emt 0:01:30]} Rc7 {[%emt 0:03:30]} 26. Rbd1 {[%emt 0:02:30]} Rcd7 {[%emt 0:07:30]} 27. Be2 {[%emt 0:00:30]} Bd6 {[%emt 0:02:30]} 28. h3 {[%emt 0:03:30]} Bc7 {[%emt 0:02:30]} 29. Bg5 {[%emt 0:01:30]} Re8 {[%emt 0:03:30]} 30. Bc4 {[%emt 0:01:30]} Bd8 {[%emt 0:03:30]} 31. Bxd8 {[%emt 0:00:30]} Rexd8 {[%emt 0:00:30]} 32. Kg3 {[%emt 0:01:30]} Ne7 {[%emt 0:01:30]} 33. Bb3 {[%emt 0:01:30]} b5 {[%emt 0:07:54]} 34. Bc2 {[%emt 0:03:30]} b4 {[%emt 0:01:56]} 35. Re5 {[%emt 0:01:30]} Nd5 {[%emt 0:04:14]} 36. cxb4 {[%emt 0:14:30]} Nxb4 {[%emt 0:02:13]} 37. Be4 {[%emt 0:03:30]} Kb6 {[%emt 0:00:14]} 38. Rc1 {[%emt 0:00:30]} Rxd4 {[%emt 0:00:37]} 39. Rec5 {[%emt 0:00:30]} R8d6 {[%emt 0:00:50]} 40. h4 {[%emt 0:00:00]} f5 {[%emt 0:05:05]} 41. Bb1 {[%emt 0:00:00]} Rd2 {[%emt 0:02:27]} 42. b3 {[%emt 0:00:30]} R6d5 {[%emt 0:02:30]} 43. R5c3 Rb2 {[%emt 0:01:30]} 44. Kf4 {[%emt 0:00:00]} Rxf2 {[%emt 0:00:30]} 45. Rg1 {[%emt 0:00:30]} Rdd2 {[%emt 0:01:30]} 46. Kg5 {[%emt 0:00:30]} Rg2+ {[%emt 0:01:30]} 47. Rxg2 {[%emt 0:00:30]} Rxg2+ {[%emt 0:00:30]} 48. Kh6 {[%emt 0:00:30]} Rb2 {[%emt 0:00:30]} 49. Bd3 {[%emt 0:00:30]} Nd5 {[%emt 0:00:30]} 50. Rc1 {[%emt 0:00:30]} Rxb3 {[%emt 0:00:30]} 51. Bc4 {[%emt 0:00:30]} Rxf3 {[%emt 0:00:30]} 52. Bxd5 {[%emt 0:00:30]} exd5 {[%emt 0:00:30]} 53. Kxg6 {[%emt 0:00:00]} Rg3+ {[%emt 0:10:51]} 54. Kxh5 {[%emt 0:00:00]} f4 {[%emt 0:00:09]} 55. Rf1 {[%emt 0:00:00]} f3 $19 {[%emt 0:00:41]} 56. Kh6 {[%emt 0:00:00]} d4 {[%emt 0:01:29]} 57. h5 {[%emt 0:00:00]} d3 {[%emt 0:00:04]} 58. Kh7 {[%emt 0:00:00]} d2 {[%emt 0:00:11]} 59. h6 {[%emt 0:00:00]} f2 {[%emt 0:00:55]} 60. Rd1 {[%emt 0:00:00]} 0-1

[Event "World Junior U20 Open 2018"]
[Site "Gebze"]
[Date "2018.09.07"]
[Round "4.59"]
[White "Murzin, Volodar"]
[Black "Gunduz, Umut Erdem"]
[Result "1/2-1/2"]
[WhiteElo "2349"]
[BlackElo "2119"]
[Annotator "TA"]
[PlyCount "99"]
[EventDate "2018.09.05"]
[EventType "swiss"]
[EventCountry "TUR"]
[SourceTitle "playchess.com"]
[Source "ChessBase"]
[SourceQuality "1"]

{[%evp 23,99,18,24,0,0,0,0,0,0,0,0,0,0,-24,-24,-17,-12,-20,0,0,0,-5,-7,-7,-5,-9,-12,-6,0,0,0,0,0,0,0,0,7,-56,7,2,29,21,33,8,4,0,0,0,0,0,51,51,63,70,79,0,0,0,0,0,0,0,0,0,0,0,0,0,0,0,0,0,0,0,0,0,0,0]} 1. e4 e5 2. Nf3 Nc6 3. Bc4 Bc5 4. d3 Nf6 5. O-O O-O 6. a4 d6 7. c3 a6 8. Nbd2 {C54: Giuoco Piano: 4 c3 Nf6, main lines with 5 d4 and 5 d3} (8. Re1 h6 9. h3 Re8 10. Nbd2 Be6 11. b4 Bxc4 12. Nxc4 Ba7 13. Qc2 d5 14. Ne3 Bxe3 15. Bxe3 Qd7 {1-0 (44) Vachier Lagrave,M (2789)-Kramnik,V (2792) Paris 2018}) 8... h6 9. Re1 Re8 10. Nf1 Ba7 11. Ng3 Be6 12. Bxe6 Rxe6 {LiveBook: 3 Games} 13. d4 {[#] Strongly threatening d5.} d5 14. Nxe5 Nxe5 15. dxe5 {[#]} Nxe4 $146 ({Predecessor:} 15... Rxe5) 16. Nxe4 dxe4 17. Bf4 Qd3 18. Qe2 Qxe2 19. Rxe2 g5 20. Bg3 e3 21. fxe3 Rd8 22. Kf2 c6 23. Ke1 Bb8 24. Rd1 Rxd1+ 25. Kxd1 Bxe5 26. Bxe5 Rxe5 $11 {[%mdl 4096] Endgame KR-KR} 27. e4 f6 28. Kc2 Kf7 29. Kd3 Re7 30. Kd4 {[#]} (30. Rf2 $11) 30... Re5 (30... f5 $1 $15 {[%mdl 512]}) 31. b4 Ke6 32. a5 Rb5 33. Rf2 h5 34. Rf5 Rxf5 35. exf5+ Kxf5 {Hoping for ...h4. KP-KP} 36. Kc5 $1 {[%cal Rc5b6]} Ke6 (36... Ke4 $11 37. Kb6 f5 38. Kxb7 f4 39. Kxc6 (39. Kxa6 g4 $11) 39... g4) 37. Kb6 $14 f5 38. Kxb7 f4 39. Kxa6 ({White should play} 39. Kxc6 $16 g4 40. b5) 39... g4 $11 {The position is equal.} 40. Kb7 f3 41. gxf3 gxf3 {Threatens to win with ...f2.} 42. a6 f2 43. a7 f1=Q {aiming for ...Qb5+.} 44. a8=Q {KQ-KQ} Qf7+ 45. Ka6 Qf1+ 46. Kb6 Qf2+ 47. Kb7 {Black must now prevent Qe8+.} Qf7+ 48. Kb8 Qf8+ 49. Ka7 Qf2+ 50. Ka6 {Precision: White = 66%, Black = 63%.} 1/2-1/2

[Event "World Junior U20 Open 2018"]
[Site "Gebze"]
[Date "2018.09.07"]
[Round "4.60"]
[White "De Block, Yordi"]
[Black "Urazayev, Arystanbek"]
[Result "1-0"]
[WhiteElo "2118"]
[BlackElo "2333"]
[Annotator "NA"]
[PlyCount "73"]
[EventDate "2018.09.05"]
[EventType "swiss"]
[EventCountry "TUR"]
[SourceTitle "playchess.com"]
[Source "ChessBase"]
[SourceQuality "1"]
[TimeControl "40/5400+30:1800+30"]

1. d4 Nf6 2. Bf4 g6 3. e3 Bg7 4. c4 O-O 5. Nc3 d6 6. Nf3 b6 7. Be2 Bb7 8. h3 Nbd7 9. O-O Re8 10. Qc2 e5 11. dxe5 dxe5 12. Bh2 e4 13. Nd2 c5 14. Rfd1 Qe7 15. a4 h5 16. a5 Bc6 {[%emt 0:36:00]} 17. Ndb1 {[%emt 0:33:30]} Rac8 {[%emt 0:16:30]} 18. axb6 {[%emt 0:02:30]} axb6 {[%emt 0:03:30]} 19. Na3 {[%emt 0:03:30]} Ne5 {[%emt 0:08:30]} 20. Nab5 {[%emt 0:01:30]} Ra8 {[%emt 0:04:30]} 21. Rxa8 {[%emt 0:07:30]} Rxa8 {[%emt 0:08:30]} 22. Nd5 {[%emt 0:00:30]} Nxd5 {[%emt 0:06:28]} 23. cxd5 {[%emt 0:00:30]} Bxb5 {[%emt 0:01:05]} 24. Bxb5 {[%emt 0:00:00]} f5 {[%emt 0:01:00]} 25. d6 {[%emt 0:02:00]} Qe6 {[%emt 0:00:26]} 26. d7 {[%emt 0:06:30]} Rd8 {[%emt 0:01:38]} 27. b4 {[%emt 0:01:30]} cxb4 {[%emt 0:06:08]} 28. Qc7 {[%emt 0:01:30]} Qe7 {[%emt 0:00:46]} 29. Qxb6 {[%emt 0:03:30]} Kh7 {[%emt 0:00:56]} 30. Ba4 {[%emt 0:10:30]} Nd3 {[%emt 0:03:22]} 31. Bd6 {[%emt 0:07:30]} Qf6 {[%emt 0:02:46]} 32. Bc7 {[%emt 0:02:30]} Qb2 {[%emt 0:00:06]} 33. Rf1 {[%emt 0:06:28]} Qa2 {[%emt 0:01:13]} 34. Bb5 {[%emt 0:02:42]} Ra8 {[%emt 0:01:05]} 35. d8=Q {[%emt 0:00:51]} Rxd8 {[%emt 0:00:04]} 36. Bxd8 {[%emt 0:00:07]} b3 {[%emt 0:00:03]} 37. Bc4 {[%emt 0:00:24]} 1-0

[Event "World Junior U20 Open 2018"]
[Site "Gebze"]
[Date "2018.09.07"]
[Round "4.61"]
[White "Erdogan, Anil Berk"]
[Black "Nastase, Robert-Paul"]
[Result "1/2-1/2"]
[WhiteElo "2083"]
[BlackElo "2313"]
[Annotator "ChessBase"]
[PlyCount "36"]
[EventDate "2018.09.05"]
[EventType "swiss"]
[EventCountry "TUR"]
[SourceTitle "playchess.com"]
[Source "ChessBase"]
[SourceQuality "1"]
[TimeControl "40/5400+30:1800+30"]

1. e4 e6 2. d4 d5 3. Nc3 Nf6 4. Bg5 Be7 5. e5 Nfd7 6. Bxe7 Qxe7 7. f4 a6 8. Qg4 O-O 9. Nf3 f5 10. exf6 Nxf6 11. Qh4 c5 12. Bd3 Nc6 13. dxc5 Qxc5 14. O-O-O {[%emt 0:26:00]} Bd7 {[%emt 0:43:00]} 15. Rhe1 {[%emt 0:16:30]} Kh8 16. Kb1 Kg8 17. Kc1 Kh8 18. Kb1 Kg8 1/2-1/2

[Event "World Junior U20 Open 2018"]
[Site "Gebze"]
[Date "2018.09.07"]
[Round "4.62"]
[White "Ozturk, Efe Hakan"]
[Black "Zlatin, Alexander"]
[Result "1/2-1/2"]
[WhiteElo "2065"]
[BlackElo "2312"]
[Annotator "NA"]
[PlyCount "256"]
[EventDate "2018.09.05"]
[EventType "swiss"]
[EventCountry "TUR"]
[SourceTitle "playchess.com"]
[Source "ChessBase"]
[SourceQuality "1"]
[TimeControl "40/5400+30:1800+30"]

1. d4 {[%emt 0:00:30]} Nf6 {[%emt 0:00:30]} 2. c4 {[%emt 0:00:30]} e6 {[%emt 0:00:30]} 3. Nf3 {[%emt 0:00:30]} d5 {[%emt 0:00:30]} 4. g3 {[%emt 0:00:00]} Be7 {[%emt 0:00:30]} 5. Bg2 {[%emt 0:00:00]} O-O {[%emt 0:00:30]} 6. O-O {[%emt 0:00:00]} b6 {[%emt 0:00:30]} 7. Nc3 {[%emt 0:04:30]} Bb7 {[%emt 0:02:00]} 8. Ne5 {[%emt 0:00:30]} Na6 {[%emt 0:01:30]} 9. Qa4 {[%emt 0:07:30]} c5 {[%emt 0:02:30] E18: Queen's Indian: Old Main Line (4 g3 Bb7 5 Bg2 Be7 6 0-0 0-0 7 Nc3)} 10. cxd5 {[%emt 0:00:30]} exd5 {[%emt 0:01:30]} 11. Nc6 {[%emt 0:06:30]} (11. Rd1 Qe8 12. Qxe8 Rfxe8 13. dxc5 Bxc5 14. Nd3 Nb4 15. Nxc5 bxc5 16. Bf4 Ba6 17. Rd2 Ne4 18. Nxe4 dxe4 {½-½ (41) Neuman,P (2446)-Zlatin,A (2193) Prague 2018}) 11... Bxc6 {[%emt 0:01:30]} 12. Qxc6 {[%emt 0:00:30]} Nb4 {[%emt 0:00:30]} 13. Qa4 {[%emt 0:00:30]} cxd4 {[%emt 0:00:00]} 14. Nb5 {[%emt 0:00:30]} d3 {[%emt 0:04:30]} 15. exd3 {[%emt 0:03:30]} Nxd3 {[%emt 0:01:30]} 16. Rd1 {[%emt 0:03:30]} Nc5 {[%emt 0:04:30]} 17. Qc2 $146 {[%emt 0:02:30]} ({Predecessor:} 17. Qd4 Nce4 18. Be3 {1-0 (29) Kohler,T (2285)-Berger,H Potsdam 1995}) 17... Ne6 {[%emt 0:04:30]} 18. Qe2 $1 {[%emt 0:07:30]} Bc5 {[%emt 0:25:00]} 19. Nc3 {[%emt 0:42:30]} d4 {[%emt 0:08:30]} 20. Bxa8 {[%emt 0:03:30]} Qxa8 {[%emt 0:00:00]} 21. Na4 {[%emt 0:00:30]} Ne4 {[%emt 0:04:00]} 22. Qf3 {[%emt 0:11:30]} Kh8 {[%emt 0:01:30]} 23. Nxc5 {[%emt 0:09:30]} bxc5 {[%emt 0:00:30]} 24. Re1 {[%emt 0:02:30]} f5 {[%emt 0:00:30]} 25. g4 {[%emt 0:00:30]} g6 {[%emt 0:02:30]} 26. Bh6 {[%emt 0:00:30]} Rg8 {[%emt 0:04:30]} 27. Re2 {[%emt 0:02:30]} Nc3 {[%emt 0:01:30]} 28. Qd3 {[%emt 0:06:30]} Nxe2+ {[%emt 0:01:30]} 29. Qxe2 {[%emt 0:00:30]} Qe4 {[%emt 0:00:30]} 30. Re1 {[%emt 0:00:30]} Qxe2 {[%emt 0:00:30]} 31. Rxe2 {[%emt 0:00:30]} Re8 {[%emt 0:00:30]} 32. gxf5 {[%emt 0:00:30]} gxf5 {[%emt 0:00:30]} 33. Re5 {[%emt 0:00:30]} Rg8+ {[%emt 0:00:30]} 34. Kf1 {[%emt 0:00:30]} Rg6 {[%emt 0:00:30]} 35. Bd2 {[%emt 0:00:30]} Rf6 {[%emt 0:00:30]} 36. Ke2 {[%emt 0:00:30]} c4 {[%emt 0:02:30]} 37. Ra5 {[%emt 0:09:21]} Rf7 {[%emt 0:00:30]} 38. Re5 {[%emt 0:03:04]} Re7 {[%emt 0:07:30]} 39. Kd1 {[%emt 0:05:09]} Kg7 {[%emt 0:01:30]} 40. Rxf5 {[%emt 0:04:05]} Kg6 {[%emt 0:00:00]} 41. Ra5 {[%emt 0:01:51]} Kf6 {[%emt 0:02:00]} 42. f4 {[%emt 0:05:30]} Rg7 {[%emt 0:02:30]} 43. f5 {[%emt 0:00:30]} Rg1+ {[%emt 0:00:00]} 44. Kc2 {[%emt 0:00:30]} Ng7 {[%emt 0:00:00]} 45. Rc5 {[%emt 0:02:30]} Nxf5 {[%emt 0:00:30]} 46. Rxc4 {[%emt 0:00:30]} Rg2 {[%emt 0:00:30]} 47. Rc6+ {[%emt 0:08:46]} Ke5 {[%emt 0:00:30]} 48. h3 {[%emt 0:01:52]} Kd5 {[%emt 0:02:30]} 49. Rc7 {[%emt 0:02:01]} Ke4 {[%emt 0:00:30]} 50. b4 {[%emt 0:03:59]} Ne3+ {[%emt 0:01:30]} 51. Kc1 {[%emt 0:00:06]} Nf1 {[%emt 0:01:30]} 52. Bh6 {[%emt 0:02:06]} Ng3 {[%emt 0:01:30]} 53. Rxa7 {[%emt 0:01:38]} Kd3 {[%emt 0:01:30]} 54. Ra3+ {[%emt 0:01:38]} Kc4 {[%emt 0:00:30]} 55. Ra7 {[%emt 0:04:02]} Ne2+ {[%emt 0:00:30]} 56. Kd2 {[%emt 0:01:00]} Nc3+ {[%emt 0:01:30]} 57. Ke1 {[%emt 0:00:12]} Nxa2 {[%emt 0:03:30]} 58. Rxh7 {[%emt 0:02:15]} Nxb4 {[%emt 0:00:30]} 59. h4 {[%emt 0:00:36]} Nd3+ {[%emt 0:00:30]} 60. Kf1 {[%emt 0:00:16]} Rf2+ {[%emt 0:00:30]} 61. Kg1 {[%emt 0:00:01]} Rf5 {[%emt 0:00:00]} 62. Re7 {[%emt 0:02:46]} Ne5 {[%emt 0:01:00]} 63. Kg2 {[%emt 0:00:37]} d3 {[%emt 0:00:30]} 64. Rc7+ {[%emt 0:00:34]} Kd4 {[%emt 0:00:30]} 65. Rc8 {[%emt 0:00:27]} Ke4 {[%emt 0:00:30]} 66. Re8 {[%emt 0:00:35]} Rh5 {[%emt 0:00:30]} 67. Bc1 {[%emt 0:00:31]} Rxh4 {[%emt 0:00:30]} 68. Ra8 {[%emt 0:00:02]} Nc4 {[%emt 0:00:30]} 69. Rd8 {[%emt 0:00:38]} Ne3+ {[%emt 0:00:30]} 70. Kf2 {[%emt 0:00:50]} Rf4+ {[%emt 0:02:30]} 71. Kg3 {[%emt 0:00:20]} Rf3+ {[%emt 0:00:30]} 72. Kh2 {[%emt 0:00:39]} Nd5 {[%emt 0:00:30]} 73. Re8+ {[%emt 0:00:52]} Kd4 {[%emt 0:00:30]} 74. Kg2 {[%emt 0:00:00]} Rf5 {[%emt 0:00:00]} 75. Bb2+ {[%emt 0:01:01]} Kc4 {[%emt 0:00:00]} 76. Rc8+ {[%emt 0:00:03]} Kb3 {[%emt 0:00:30]} 77. Bc1 {[%emt 0:00:11]} Nc3 {[%emt 0:00:00]} 78. Rd8 {[%emt 0:00:40]} Kc2 {[%emt 0:00:00]} 79. Bh6 {[%emt 0:00:32]} Ne4 {[%emt 0:01:30]} 80. Rc8+ {[%emt 0:00:23]} Kd1 {[%emt 0:00:30]} 81. Rd8 {[%emt 0:00:36]} d2 {[%emt 0:02:30]} 82. Bxd2 {[%emt 0:00:30]} Nxd2 {[%emt 0:00:30]} 83. Kg3 {[%emt 0:00:30]} Kc2 {[%emt 0:00:30]} 84. Kg4 {[%emt 0:00:30]} Rf7 {[%emt 0:00:00]} 85. Rd4 {[%emt 0:00:11]} Kc3 {[%emt 0:01:00]} 86. Rf4 {[%emt 0:00:30]} Rg7+ {[%emt 0:00:00]} 87. Kf5 {[%emt 0:00:25]} Kd3 {[%emt 0:00:00]} 88. Ke5 {[%emt 0:00:20]} Ke3 {[%emt 0:00:00]} 89. Ra4 {[%emt 0:00:08]} Rg5+ {[%emt 0:00:00]} 90. Kf6 {[%emt 0:00:40]} Rb5 {[%emt 0:00:00]} 91. Ke6 {[%emt 0:00:00]} Ne4 {[%emt 0:00:00]} 92. Ra3+ {[%emt 0:00:00]} Kf4 {[%emt 0:00:30]} 93. Ra1 {[%emt 0:00:15]} Re5+ {[%emt 0:00:30]} 94. Kd7 $15 {[%emt 0:00:05]} Rc5 {[%emt 0:00:30]} 95. Rf1+ {[%emt 0:00:43]} Ke5 {[%emt 0:00:00]} 96. Re1 {[%emt 0:00:10]} Rc3 {[%emt 0:00:00]} 97. Re2 {[%emt 0:00:53]} Kd5 {[%emt 0:00:30]} 98. Rh2 {[%emt 0:00:21]} Nc5+ {[%emt 0:00:30]} 99. Ke7 {[%emt 0:00:40]} Re3+ {[%emt 0:00:30]} 100. Kf6 {[%emt 0:00:00]} Nd7+ {[%emt 0:00:30]} 101. Kf5 {[%emt 0:00:44]} Rf3+ {[%emt 0:00:00]} 102. Kg5 {[%emt 0:00:07]} Ne5 {[%emt 0:00:00]} 103. Ra2 {[%emt 0:00:32]} Nc6 {[%emt 0:00:30]} 104. Rd2+ {[%emt 0:00:23]} Ke6 {[%emt 0:00:30]} 105. Ra2 {[%emt 0:00:49]} Rf5+ {[%emt 0:00:00]} 106. Kg4 {[%emt 0:00:07]} Ne5+ {[%emt 0:00:00]} 107. Kg3 {[%emt 0:00:10]} Rf3+ {[%emt 0:00:30]} 108. Kg2 {[%emt 0:00:00]} Rc3 {[%emt 0:00:00]} 109. Ra8 {[%emt 0:00:03]} Kf5 {[%emt 0:01:00]} 110. Rf8+ {[%emt 0:00:50]} Ke4 {[%emt 0:00:30]} 111. Re8 {[%emt 0:00:00]} Ra3 {[%emt 0:00:00]} 112. Kf2 {[%emt 0:00:01]} Rf3+ {[%emt 0:00:00]} 113. Kg2 {[%emt 0:00:58]} Rf7 {[%emt 0:00:00]} 114. Kg3 {[%emt 0:00:02]} Rf5 {[%emt 0:00:00]} 115. Re7 {[%emt 0:00:56]} Rg5+ {[%emt 0:00:00]} 116. Kf2 {[%emt 0:00:00]} Kf4 {[%emt 0:00:00]} 117. Ra7 {[%emt 0:00:17]} Nd3+ {[%emt 0:00:30]} 118. Ke2 {[%emt 0:00:30]} Nc5 {[%emt 0:00:30]} 119. Rf7+ {[%emt 0:00:30]} Ke4 {[%emt 0:00:30]} 120. Re7+ {[%emt 0:00:30]} Kd4 {[%emt 0:00:30]} 121. Re8 {[%emt 0:00:30]} Rd5 {[%emt 0:00:30]} 122. Kf3 {[%emt 0:00:30]} Rd7 {[%emt 0:00:30]} 123. Re1 {[%emt 0:00:30]} Rf7+ {[%emt 0:00:30]} 124. Kg4 {[%emt 0:00:30]} Ne4 {[%emt 0:00:30]} 125. Ra1 {[%emt 0:00:30]} Rg7+ {[%emt 0:00:30]} 126. Kf5 {[%emt 0:00:30]} Rg5+ {[%emt 0:00:30]} 127. Kf4 {[%emt 0:00:30]} Rh5 {[%emt 0:00:30]} 128. Rd1+ {[%emt 0:00:30]} Kc4 {[%emt 0:00:30]} 1/2-1/2